| 000 | 00667nam a22002177a 4500 | ||
|---|---|---|---|
| 999 |
_c30604 _d30604 |
||
| 005 | 20230529152520.0 | ||
| 008 | 090922t xxu||||| |||| 00| 0 eng d | ||
| 010 | _aB-358163 ENG-137074 | ||
| 020 |
_a9789380005027 _c175.00 |
||
| 035 | _aB-358163 EN-120606 | ||
| 037 | _bDBAD / PUB | ||
| 040 |
_adpl _bEnglish |
||
| 082 | _aN | ||
| 100 | _aAusten, Jane | ||
| 245 |
_aPride and prejudice / _cby Jane Austen |
||
| 260 |
_aDelhi _bRohan Book Company _c2004 |
||
| 270 |
_aG-22, Indraprastha Apptt. Patpar Ganj, Plot No. 114, _bDelhi _e110092 |
||
| 300 |
_a314p.; _bill. _c20cm(pbK) |
||
| 490 |
_aPopular illustrated classics _v0 |
||
| 942 |
_2ddc _cCH _hN _mAUS |
||